Normal view
MARC view
Entry Nombre de reunión
001 - NÚMERO DE CONTROL
- campo de control: 82367
003 - IDENTIFICADOR DEL NÚMERO DE CONTROL
- campo de control: DO-SdBNP
005 - FECHA Y HORA DE LA ÚLTIMA TRANSACCIÓN
- campo de control: 20220914160202.0
008 - DATOS DE LONGITUD FIJA
- campo de control de longitud fija: 220914|| aca||aabn | a|a d
040 ## - FUENTE DE LA CATALOGACIÓN
- Centro catalogador/agencia de origen: DO-SdBNP
- Centro/agencia transcriptor: DO-SdBNP
111 ## - ENCABEZAMIENTO--NOMBRE DE CONGRESO/REUNIÓN
- Nombre de congreso/reunión o jurisdicción como elemento de entrada: Feria Nacional del Libro
- Número del congreso/reunión o número de parte o sección: (XIIª :
- Fecha del congreso/reunión: 1984 : 23 al 30 de abril
- Sede del congreso/Lugar de la reunión: Santo Domingo)
670 ## - FUENTE DE DATOS ENCONTRADOS
- Cita de la fuente: Work cat.: (DO-SdBNP)52398: Feria Nacional del Libro (XIIª : 1984 : 23 al 30 de abril Santo Domingo), VII feria nacional del libro:
